00313nam a2200109Ia 45000010005000000080041000050200028000460820022000741000027000962450050001232600030001732174241024s9999 xx 000 0 und d a978-9945-8613-7-2 (t.s) aRD/972.9302/N789c aNolasco Flérida (de) 0aClamor de Justicia en la Española 1502-1795 bEd. Amigo del Hogarc2008